[Event "Polar Capital Jersey Festival"]
[Site "St. Helier"]
[Date "2017.04.03"]
[Round "4"]
[White "Hillarp Persson, Tiger"]
[Black "Waddington, Mike P"]
[Result "1-0"]
[WhiteElo "2503"]
[BlackElo "2061"]
[Annotator "TA"]
[PlyCount "41"]
[EventDate "2017.??.??"]
[EventCountry "JCI"]
[SourceTitle "playchess.com"]
[Source "ChessBase"]
[SourceQuality "1"]

{[%evp 6,41,81,83,91,80,89,85,148,151,140,133,139,147,232,200,232,220,198,32,312,297,842,841,829,820,840,833,1293,1238,29991,29992,29992,29993,29994,29995,29998,29999]} 1. d4 f5 2. Bg5 c6 3. e3 Qb6 4. Nd2 {LiveBook: 27 Games} Qxb2 {A80: Dutch Defence: Unusual White second moves} 5. Rb1 Qc3 6. Bd3 {[%mdl 1024] White has strong compensation.} d6 (6... g6 $142) 7. Ne2 $16 Qa5 8. Nf4 {Black must now prevent Qh5+.} g6 9. h4 $1 $36 {[%cal Bh2h4,Bh4h5][%mdl 2080] White has strong initiative.} e5 $146 (9... Bg7 $16) (9... Nh6 10. h5 Nf7 11. hxg6 hxg6 12. Rxh8 Nxh8 13. Nxg6 Nxg6 {½-½ (40) Hasanova,E (2239)-Zhao,X (2427) Oropesa del Mar 2000}) 10. dxe5 $1 $18 dxe5 {[#]} 11. h5 $1 {[%cal Rh5g6]} exf4 12. exf4 $2 (12. hxg6 $18 {Hoping for Qh5.} Ne7 13. Bf6 (13. exf4 Nxg6 14. Bf6 Be6 $16) 13... fxe3 14. fxe3) 12... Bg7 $2 {[%mdl 8192] [#]} ({But not} 12... Ne7 $6 13. hxg6 h6 14. Qe2 $18) ({Black should try} 12... h6 $1 $14 13. hxg6 Bg7 14. Qe2+ Kf8) 13. O-O $1 ({Worse is} 13. hxg6 hxg6 14. Qe2+ (14. Rxh8 Bxh8 15. Qe2+ Kf8 $11) 14... Kf8 15. Rxh8 Bxh8 $11) 13... Qc7 $2 (13... Kf8 14. Re1 Bf6) 14. Re1+ Kf8 15. Qe2 {[%csl Ge1][%cal Re2e8]} Qd7 16. Nf3 Bc3 17. Ne5 Qe8 {[#]} 18. Nxg6+ $1 {[%mdl 512] White mates.} Qxg6 (18... hxg6 19. Qxe8+) 19. hxg6 Bxe1 20. Rxe1 Nd7 21. Qe8+ 1-0

[Event "Polar Capital Jersey Festival"]
[Site "St. Helier"]
[Date "2017.04.03"]
[Round "4"]
[White "Hebden, Mark L"]
[Black "Belzo, Krzysztof"]
[Result "1-0"]
[WhiteElo "2494"]
[BlackElo "2059"]
[Annotator "TA"]
[PlyCount "111"]
[EventDate "2017.??.??"]
[EventCountry "JCI"]
[SourceTitle "playchess.com"]
[Source "ChessBase"]
[SourceQuality "1"]

{[%evp 25,111,7,16,16,27,6,22,-29,-18,-14,-6,-53,-52,-39,-6,0,-6,-2,23,0,5,8,6,-16,-5,-12,-12,-40,-19,-29,-33,-44,0,0,81,65,51,52,120,52,70,70,70,68,95,116,161,2,3,0,0,0,0,0,0,0,0,0,0,0,0,0,0,0,0,0,8,8,8,13,97,97,97,94,97,87,90,90,90,90,90,93,93,90,29987,1492,29995,29996]} 1. e4 c5 2. Nf3 Nc6 3. d4 cxd4 4. Nxd4 g6 5. Nc3 Bg7 6. Be3 Nf6 7. Bc4 O-O 8. Bb3 d6 9. h3 Bd7 10. O-O Rc8 11. Re1 a6 12. Qd2 Ne5 13. Bh6 Nc4 14. Bxc4 $1 {B72: Sicilian Dragon: 6 Be3, lines with h3+Bc4 and sidelines} Rxc4 15. Bxg7 Kxg7 16. Nd5 ({White should try} 16. Rad1) (16. Nb3 b5 17. a3 Be6 18. Nd4 Bd7 19. Nb3 Bc6 20. e5 dxe5 21. Qxd8 Rxd8 {0-1 (57) Tissir,M (2413)-Guseinov,G (2631) Abu Dhabi 2013}) 16... e5 $11 17. Nf3 Rxe4 18. Rxe4 Nxe4 19. Qb4 $1 {[%cal Rb4e4]} Ng5 20. Nxg5 $1 Qxg5 21. h4 $132 {[%mdl 2048] White is fighting back (2)} Qf5 (21... Qg4 $5 {is interesting.} 22. Qxb7 Be6 23. Nc3 d5 24. Re1 d4) 22. Qxb7 (22. Qxd6 Qe6 23. Qxe6 Bxe6 $17) 22... Qe4 $146 23. Qxd7 Qxd5 {[%mdl 4096] Endgame KQR-KQR} 24. Qa4 Rc8 {With the idea ...Qd2.} 25. c3 Qd2 26. Qb3 Qe2 27. Rc1 Rc4 28. g3 e4 29. Qc2 Qg4 (29... Qxc2 $11 {keeps the balance.} 30. Rxc2 Kf6) 30. Qd2 Qe6 31. Rd1 Rc8 (31... Rc6 $14) 32. a3 (32. Qd4+ $16 Kg8 33. h5 (33. Qxd6 Qxa2 34. Rd2 Qa4 $14)) 32... Rb8 33. Qd4+ Kg8 34. b4 Qb3 35. Qxd6 Rc8 36. Re1 $2 (36. h5 $1 $18) 36... Qxc3 37. Re3 Qa1+ 38. Kg2 Rc1 $1 {[%cal Rc1g1] White must now prevent ...Rg1+.} 39. Rxe4 ({Don't choose} 39. Qxa6 $2 Rg1+ 40. Kh3 Rh1+ 41. Kg4 Qe5 42. Qa8+ Kg7 43. Qxe4 f5+ 44. Kf3 fxe4+ $19) 39... Rg1+ 40. Kf3 {Intending Re8+ and mate.} Qxa3+ ({Much weaker is} 40... Qc3+ $6 41. Re3 Qc8 42. Qe5 $16) 41. Re3 Qa4 $1 42. Rd3 Qb5 {And now ...Qh5+ would win.} 43. Qd8+ Kg7 {Threatens to win with ...Qh5+.} 44. Qd4+ Kg8 45. Qe4 Qb6 46. Qe8+ Kg7 {next ...Qf6+ is good for Black.} 47. Qe5+ Kg8 (47... Kh6 $1 $11) 48. Rd6 $16 Qb7+ {[#]} 49. Kf4 $1 {[%cal Rd6d8]} Qc8 {[#]} 50. Qf6 $1 {Strongly threatening Rd8+.} Qc4+ 51. Rd4 Qc1+ 52. Kf3 {[%cal Rd4d8]} Qc3+ 53. Kg4 {[%cal Rd4d8]} Qc8+ 54. Kg5 Qc1+ $2 {[%mdl 8192]} (54... h6+ $16 55. Kxh6 Qf8+ 56. Kg5 Re1) 55. Rf4 (55. f4 $142 Qc8 56. Rd8+ Qxd8 57. Qxd8+ Kg7 58. Qd4+ Kf8 59. Kf6 Ke8 60. Qxg1) 55... Qc7 56. Kh6 1-0

[Event "Polar Capital Jersey Festival"]
[Site "St. Helier"]
[Date "2017.04.03"]
[Round "4"]
[White "Rudd, Jack"]
[Black "Abbas, Daniel"]
[Result "1-0"]
[WhiteElo "2177"]
[BlackElo "2285"]
[Annotator "TA"]
[PlyCount "99"]
[EventDate "2017.??.??"]
[EventCountry "JCI"]
[SourceTitle "playchess.com"]
[Source "ChessBase"]
[SourceQuality "1"]

{[%evp 27,99,0,0,-9,-12,-18,-10,-23,10,7,10,0,45,-26,162,110,172,175,157,133,114,130,134,129,122,119,143,139,119,115,215,210,204,204,202,176,187,146,391,224,231,220,360,370,369,362,362,339,303,65,64,0,0,0,211,188,188,171,448,453,425,425,29990,29991,29991,29992,29992,29993,29994,29995,29995,29996,29997,29998]} 1. d4 Nf6 2. c4 e6 3. Nc3 Bb4 4. f3 d5 5. a3 Bxc3+ 6. bxc3 c5 7. e3 Nc6 8. cxd5 exd5 9. Bd3 O-O 10. Ne2 {[%cal Bg1e2,Be2g3,Bg3f5][%mdl 32]} Re8 11. O-O cxd4 12. cxd4 Bd7 13. Ra2 Rc8 14. Ng3 Na5 15. Re2 {E58: Nimzo-Indian: Rubinstein: Main Line: 7...Nc6 8 a3 Bxc3} Nc4 16. Qe1 $146 (16. Kh1 Qa5 17. e4 dxe4 18. fxe4 Bg4 19. e5 Nd5 {½-½ (71) Inkiov,V (2453)-Grigorov,G (2452) France 2007}) 16... Bb5 17. Qb4 {The position is equal.} Qb6 18. Nf5 Rc7 19. e4 a5 20. Qe1 (20. Qb1 $14 g6 21. Ne3) 20... Nd6 $2 (20... Bd7 $11 {and Black has nothing to worry.}) 21. Bxb5 (21. Nxd6 $18 Bxd3 22. Nxe8 Nxe8 23. Re3 (23. exd5 Bxe2 24. Qxe2 Qxd4+ 25. Qe3 Rc4 $11) 23... Bxf1 24. exd5 Qxd4 25. Kh1) 21... Nxf5 (21... Nxb5 $16 22. Rb2 (22. Qg3 Nh5 23. Qg5 Nxd4 24. Nxd4 Qxd4+ 25. Ref2 Nf6 $11) 22... g6) 22. Bxe8 $18 (22. exf5 Qxb5 23. Rxe8+ Nxe8 $11) 22... Nxd4 23. Be3 Nxe2+ 24. Qxe2 d4 25. Bxf7+ Kxf7 26. Bf2 Qc5 27. Qd3 Qc3 28. Qxd4 Qxa3 (28... Qxd4 $16 {is a better defense.} 29. Bxd4 Rc4) 29. e5 Ne8 30. Qd5+ Kf8 31. h4 a4 32. Re1 $1 Rc1 $2 (32... g6 $16 33. Qb5 Ng7) 33. Rxc1 (33. Qxb7 Rxe1+ 34. Bxe1 Qe3+ 35. Bf2 Qxe5 $16) (33. Kh2 $142 {Hoping for Rxc1.} Rc2 34. Re4) 33... Qxc1+ 34. Kh2 {aiming for Bc5+.} Qf4+ (34... Nc7 {was worth a try.} 35. Qxb7 Ne6 36. Qb4+ Kf7) 35. g3 {Intending Bc5+ and mate.} Qf7 36. e6 Qf6 37. Qd7 {Bc5+ would kill now.} (37. Qxb7 Qxe6 38. Qb4+ Kf7 $16) (37. Bc5+ Kg8 38. Bd4 Qg6 $18) 37... Qg6 38. f4 $2 ({Weaker is} 38. Qxa4 Qxe6 39. Qb4+ Kg8 $16) ({White must play} 38. g4 $1 $18 h5 39. Bc5+ Kg8 40. g5) 38... Nf6 $1 $14 {[%cal Rf6d7]} 39. Qd6+ (39. e7+ $14 Kg8 40. Qxa4) 39... Kg8 $11 40. f5 $36 {[%mdl 2048] White is pushing.} Qh5 $2 (40... Qe8 $11 {and Black stays safe.}) 41. Qb8+ $1 $18 Qe8 42. Qxb7 a3 $2 {[#]} (42... Qh5 43. Qc8+ Qe8) 43. Bd4 $1 a2 44. Qb3 Qa8 (44... Ng4+ $18 45. Kh3 h5 46. Qxa2 Qb5 47. Qa8+ Kh7) 45. e7+ {White mates.} Kh8 {[#]} 46. Bxf6 $1 ({Inferior is} 46. Qf7 Ng4+ 47. Kh3 Qh1+ 48. Kxg4 Qd1+ 49. Kf4 Qxd4+ 50. Kg5 (50. Kf3 Qd1+ 51. Kg2 Qe2+ 52. Kh3 Qf1+ 53. Kg4 Qd1+ 54. Kh3 Qh1+ 55. Kg4 Qd1+ 56. Kf4 Qd4+ 57. Kf3 Qd1+ 58. Kg2 Qe2+ 59. Kh3 Qf1+ 60. Kg4 Qd1+ $11) 50... Qe3+ 51. Kg4 Qe2+ 52. Kh3 Qf1+ 53. Kg4 Qd1+ 54. Kh3 Qh1+ 55. Kg4 Qd1+ 56. Kf4 Qd4+ 57. Kf3 Qd1+ 58. Ke3 Qe1+ 59. Kf3 Qd1+ 60. Kg2 Qe2+ 61. Kh3 Qf1+ 62. Kg4 Qd1+ $11) 46... gxf6 47. Qf7 Qh1+ 48. Kxh1 {[%cal Re7e8]} a1=Q+ 49. Kh2 {[%cal Re7e8]} Qb2+ 50. Kh3 1-0

[Event "Polar Capital Jersey Festival"]
[Site "St. Helier"]
[Date "2017.04.03"]
[Round "4"]
[White "Pleasants, Allan J"]
[Black "Klingher, Dominic"]
[Result "1/2-1/2"]
[WhiteElo "1982"]
[BlackElo "2116"]
[Annotator "TA"]
[PlyCount "137"]
[EventDate "2017.??.??"]
[EventCountry "JCI"]
[SourceTitle "playchess.com"]
[Source "ChessBase"]
[SourceQuality "1"]

{[%evp 6,137,12,5,18,0,24,19,13,6,10,7,29,22,46,-2,-5,-14,3,-14,0,-42,0,-58,-12,-75,-16,-8,-9,-9,4,5,31,31,58,44,52,40,47,60,56,46,75,31,40,43,44,38,64,63,103,93,118,120,133,127,127,129,135,139,145,145,142,143,143,136,151,151,151,151,161,167,161,143,144,126,123,50,56,56,67,43,41,40,37,28,27,27,29,29,27,27,25,36,62,62,165,62,48,19,44,44,44,31,31,31,63,58,90,90,94,94,95,88,73,72,93,72,72,66,69,40,73,0,48,23,74,74,79,35,27,12,12,12]} 1. Nf3 Nf6 2. g3 d5 3. Bg2 Bg4 4. h3 {LiveBook: 10 Games} Bf5 {A07: Réti Opening: New York and Capablanca Systems} (4... Bxf3 5. Bxf3 c6 6. d3 Nbd7 7. O-O e5 8. e4 dxe4 9. dxe4 Bc5 10. c3 a5 11. b3 O-O 12. a3 {½-½ (58) Granda Zuniga,J (2679)-Anton Guijarro,D (2564) Madrid 2013}) 5. c4 c6 6. b3 Nbd7 7. Bb2 e6 8. d3 Bd6 9. Nbd2 h6 10. Qc2 Bh7 11. O-O O-O 12. Rad1 Qb6 $146 13. Kh2 Rfe8 14. Bd4 ({White should try} 14. e4 $11 Qc7 15. Rfe1) 14... Bc5 15. Qb2 {[#]} (15. Bxc5 $11 Qxc5 16. Rc1) 15... e5 ({Black should play} 15... Bxd4 $1 $17 16. Nxd4 (16. Qxd4 e5 17. Qxb6 axb6 18. cxd5 Nxd5 $15) 16... e5) 16. Bxc5 $11 (16. Bxe5 $2 Nxe5 17. d4 Nxf3+ 18. Nxf3 Be7 $19) 16... Qxc5 17. cxd5 cxd5 18. d4 $36 {[%mdl 2048] White has good play.} Qe7 19. dxe5 Ne4 20. Qd4 Nxe5 21. Nxe5 (21. Qxd5 Nxf3+ 22. Bxf3 Rad8 23. Bxe4 (23. Qa5 $2 b6 24. Qa4 Nxd2 $19) 23... Rxd5 24. Bxd5 Qxe2 25. Bxb7 Bc2 $19) 21... Qxe5 22. Qxe5 Rxe5 23. Nf3 Re7 24. Nd4 Rc8 25. Bxe4 dxe4 26. Rc1 Rd8 27. e3 g5 28. Rc5 a6 29. Rfc1 Rdd7 30. b4 Kg7 31. a4 Kf6 32. h4 Bg6 33. hxg5+ hxg5 34. g4 Re5 35. Kg2 Rxc5 36. Rxc5 $16 {[%mdl 4096] Endgame KRB-KRN} (36. bxc5 $6 Rc7 $11) 36... Rd6 37. b5 b6 38. Rc7 axb5 39. Nxb5 Re6 40. Rd7 Ke5 41. Na3 (41. Ra7 $16) 41... Rc6 $14 42. Rd4 f5 43. gxf5 Bf7 44. Rb4 Kxf5 45. Nb5 {[#] Black must now prevent Nd4+.} Ke5 $1 46. Nd4 Rd6 47. Rb5+ Kf6 48. Kg3 Be8 49. Rb4 Bd7 50. Nb5 Rd5 (50... Rd3 $14) 51. Nc7 ({Don't play} 51. Rxe4 $6 Bxb5 52. axb5 Rxb5 $11) (51. Nc3 $18 Rd3 52. Rxb6+ (52. Nxe4+ Kf5 $16) 52... Ke5 53. Nb5) 51... Ra5 $1 52. Rxb6+ Kf5 53. Nb5 Rxa4 54. Nd4+ Ke5 55. Rg6 g4 56. Rg5+ Kf6 57. Rd5 Bc8 58. Rc5 Bd7 59. Kf4 Ra2 60. Rc2 ({Reject} 60. Kxe4 $6 Rxf2 61. Rd5 Be8 62. Rd6+ Kg5 $11) 60... Ra4 61. Rb2 Ra6 62. Kxe4 Kg5 63. Rc2 Rf6 64. Rb2 (64. Rc7 $16 Be8 65. Rc5+ Kg6 66. Rf5) 64... Be8 65. Ke5 Ra6 (65... Bf7 $11 {keeps the balance.}) 66. Ne6+ $16 Kh4 67. Nf4 {And now Rb8 would win.} Ra5+ 68. Kd6 g3 69. fxg3+ 1/2-1/2

[Event "Polar Capital Jersey Festival"]
[Site "St. Helier"]
[Date "2017.04.03"]
[Round "4"]
[White "Andersen, Niels Erik"]
[Black "House, Glenn L"]
[Result "1/2-1/2"]
[WhiteElo "1900"]
[BlackElo "2211"]
[Annotator "TA"]
[PlyCount "34"]
[EventDate "2017.??.??"]
[EventCountry "JCI"]
[SourceTitle "playchess.com"]
[Source "ChessBase"]
[SourceQuality "1"]

{[%evp 9,34,24,11,-4,16,16,12,13,11,8,44,39,64,35,47,20,75,50,62,78,74,66,81,59,80,74,139]} 1. d4 Nf6 2. c4 e6 3. g3 Bb4+ 4. Bd2 a5 5. Bg2 O-O 6. Nc3 {E00: Catalan Bogo-Indian (3 g3 Bb4+)} (6. Nf3 b6 7. O-O Bb7 8. Bf4 Be7 9. Nc3 Ne4 10. Qc2 Nxc3 11. Qxc3 d6 12. Qd3 Nd7 13. e4 Bf6 14. Be3 g6 15. Rad1 Bg7 16. Rfe1 e5 17. Bg5 Qe8 18. Qd2 f6 19. Bh6 {0-1 (44) Ding,L (2781)-Wang,Y (2729) Shenzhen 2015}) 6... d6 7. a3 Bxc3 $1 8. Bxc3 {The position is equal.} Nbd7 9. Nh3 $146 {[%cal Bg1h3,Bh3f4,Bf4d3][%mdl 32]} (9. Nf3 Ne4 10. Qc2 d5 11. Nd2 Nxd2 12. Bxd2 Nb6 13. cxd5 exd5 {½-½ (40) Aeschbach,P (2249)-Sokolov,A (2526) Flims 2016}) 9... a4 10. O-O Qe7 11. Qc2 Re8 12. e3 Ra7 (12... Nb6 $11 {remains equal.}) 13. Nf4 $16 c6 14. Nd3 c5 15. Rad1 e5 16. Rfe1 h6 17. dxe5 dxe5 (17... Nxe5 $142 18. Nxe5 dxe5) 1/2-1/2

[Event "Polar Capital Jersey Festival"]
[Site "St. Helier"]
[Date "2017.04.04"]
[Round "5"]
[White "Speelman, Jon S"]
[Black "Rudd, Jack"]
[Result "1-0"]
[WhiteElo "2511"]
[BlackElo "2177"]
[Annotator "TA"]
[PlyCount "67"]
[EventDate "2017.??.??"]
[EventCountry "JCI"]
[SourceTitle "playchess.com"]
[Source "ChessBase"]
[SourceQuality "1"]

{[%evp 18,66,46,56,84,72,84,80,73,70,77,68,167,133,132,135,116,102,265,288,268,282,279,275,277,273,264,262,270,246,200,53,50,0,641,638,1206,1191,29987,29987,29991,1724,29989,29990,29990,29991,29991,29992,29994,29995,29999]} 1. Nf3 Nf6 2. c4 g6 3. Nc3 Bg7 4. e4 O-O 5. d4 d6 6. h3 e5 7. d5 Nbd7 8. Be3 a5 9. g4 Nc5 10. Nd2 Kh8 {E90: King's Indian: Classical: Early deviations and 6 h3} (10... c6 11. Be2 Bd7 12. h4 cxd5 13. cxd5 Rc8 14. g5 Nh5 15. Bxc5 Rxc5 16. Bxh5 gxh5 17. Qxh5 b5 18. a4 bxa4 19. Qd1 Qc7 20. Nxa4 {0-1 (45) Grischuk,A (2751)-Naiditsch,A (2686) Novi Sad 2016}) 11. Be2 (11. Bxc5 $6 dxc5 12. Rg1 b6 $11) 11... Ng8 12. h4 {[%cal Bh3h4,Bh4h5][%mdl 32]} f5 {White is better.} 13. h5 fxg4 14. hxg6 {[%csl Gg6][%cal Rh1h7]} Ne7 $146 (14... Nf6 $14) (14... h6 15. Nf1 Rf4 16. Ng3 Ne7 17. Bxf4 exf4 18. Nh5 Bxc3+ 19. bxc3 Nxg6 {½-½ (52) Olbrich,M (2330)-Siepelt,H (2340) Wuerzburg 1997}) 15. Bxg4 $40 {[%mdl 128] White wants a kill.} Nd3+ (15... Nxg6 $2 16. Bxc8 Rxc8 17. Qh5 $18) 16. Kf1 h6 17. Bxc8 Rxc8 $2 (17... Qxc8 $16 18. Qh5 Nf4 19. Bxf4 Rxf4) 18. Rxh6+ $18 Bxh6 19. Qh5 Rxf2+ 20. Kg1 $1 (20. Bxf2 Qf8 21. Nf3 Nf4 $11) 20... Ng8 {[%cal Be7g8,Bg8f6,Bf6g4,Bg4f2][%mdl 32] Threatens to win with ...Rf4!} (20... Qf8 $2 21. Bxh6 Kg8 22. Bxf8 $18) 21. Bxh6 {Intending Bf8+ and mate.} (21. Bxf2 Qg5+ 22. Qxg5 Bxg5 $11) 21... Nf6 22. Qh3 Qd7 23. Qxd3 Ng4 {[#]} 24. Nf3 ({White must play} 24. Bg5 $1 $18) 24... Rg8 $1 $14 {[%cal Rg8g6]} 25. Nh4 Rxb2 $2 {[%mdl 8192]} (25... Qd8 $11 26. Qg3 Rh2 27. g7+ (27. Qxg4 $2 Rxh4 28. g7+ Kh7 $19) 27... Kh7) 26. Bg5 $18 Kg7 {next ...Nf2 is good for Black.} 27. Rf1 Nf2 28. Qf3 {[%csl Gg5][%cal Rf3f6]} ({Weaker is} 28. Rxf2 Qg4+ 29. Kf1 Rxf2+ 30. Kxf2 Qxg5 $16) 28... Nh3+ {[#]} 29. Kh1 (29. Qxh3 $142 $1 {[%mdl 512]} Rg2+ (29... Qxh3 30. Rf7+) 30. Qxg2 Rh8 31. Bf6+ Kg8 32. Qg5 c6 33. Bxh8 Qc8 34. Qf6 Qg4+ 35. Kh2 Qh3+ 36. Kxh3 cxd5 37. Qg7#) 29... Nxg5 30. Qf6+ {White mates.} ({Don't capture} 30. Qf5 $2 Qxf5 31. Nxf5+ Kh8 32. g7+ Kh7 $19) 30... Kh6 31. Nf5+ Kh5 32. g7 Kg4 33. Rg1+ Kh3 34. Rg3# 1-0

[Event "Polar Capital Jersey Festival"]
[Site "St. Helier"]
[Date "2017.04.04"]
[Round "5"]
[White "Merry, Alan B"]
[Black "Hebden, Mark L"]
[Result "1-0"]
[WhiteElo "2412"]
[BlackElo "2494"]
[Annotator "TA"]
[PlyCount "81"]
[EventDate "2017.??.??"]
[EventCountry "JCI"]
[SourceTitle "playchess.com"]
[Source "ChessBase"]
[SourceQuality "1"]

{[%evp 8,81,10,13,21,13,32,33,49,52,64,58,77,66,73,37,62,26,117,130,130,133,160,145,150,164,147,78,78,84,229,198,308,307,312,312,306,294,303,295,576,568,538,534,681,614,820,797,1118,1118,1094,981,1157,1152,981,689,706,734,735,759,703,706,1162,1108,994,672,990,941,1107,1127,1133,1130,1129,1069,1129,1066]} 1. e4 e5 2. Nf3 Nc6 3. Nc3 Nf6 4. Bb5 Nd4 5. Bc4 {LiveBook: 262 Games} Nxf3+ {C48: Four Knights: 4 Bb5, replies other than 4...Bb4} (5... d6 6. Nxd4 exd4 7. Nd5 Nxd5 8. Bxd5 c6 9. Bb3 g6 10. O-O Bg7 11. d3 O-O 12. f4 a5 13. a4 Be6 14. Bxe6 fxe6 {½-½ (70) Naiditsch,A (2687)-Bu,X (2705) Doha 2016}) 6. gxf3 Be7 7. Rg1 $146 (7. d4 d6 8. Rg1 g6 9. f4 exf4 10. Bxf4 Nxe4 11. Nxe4 d5 12. Be5 O-O 13. Bb3 dxe4 14. Qh5 {1-0 (14) Perunovic,M (2574)-Govedarica,R (2395) Kragujevac 2010}) 7... c6 {White is slightly better.} 8. d4 exd4 9. Qxd4 b5 10. Bd3 $36 {[%mdl 2048] White has good play.} (10. Rxg7 bxc4 11. Qxc4 d5 12. Qxc6+ Bd7 $17) 10... b4 11. Ne2 (11. Rxg7 bxc3 12. Qxc3 Qb6 $17) 11... c5 12. Qe3 d5 (12... g6 $1 $11) 13. Rxg7 $16 Nh5 14. Qh6 Nxg7 15. Qxg7 Rf8 {[#] ...c4 is the strong threat.} 16. exd5 $1 Bf6 17. Qxh7 (17. Qh6 $142) 17... Rh8 18. Qe4+ Kf8 (18... Qe7 $16) 19. Be3 $18 Qd6 (19... Qe7 $142 20. Qc4 Rh4 21. Bxc5 Rxc4 22. Bxe7+ Kxe7) 20. Qc4 Be7 {[#]} 21. Ng3 $1 Rh4 (21... Rxh2 22. Ne4 Qe5 23. O-O-O (23. Bxc5 Rh1+ 24. Bf1 Bh3 25. Bxe7+ Qxe7 $11)) 22. f4 {[%cal Bf3f4,Bf4f5][%mdl 32]} (22. Ne4 Qe5 23. Bxc5 Bd7 24. Bxe7+ Qxe7 $18) 22... Bg4 (22... Rxh2 $6 23. Ne4 Qh6 24. d6 $18 (24. Bxc5 Rh1+ 25. Kd2 Rxa1 $14)) 23. Ne4 Qh6 $2 (23... Qc7 {was worth a try.} 24. d6 (24. Nxc5 Rc8 25. f3 Bh3 26. Qxb4 Bxc5 27. Bxc5+ Qxc5 28. Qxc5+ Rxc5 $19) (24. Bxc5 Bxc5 25. Qxc5+ Qxc5 26. Nxc5 Re8+ 27. Kd2 Rxh2 $15) 24... Bxd6 25. Nxd6 (25. Bxc5 $2 Bxc5 26. Qxc5+ Qxc5 27. Nxc5 Rxh2 $19) 25... Qxd6) 24. f5 {White is clearly winning.} (24. Nxc5 Rh3 25. Qe4 Rd8 $14) (24. Bxc5 Re8 $16) 24... Qh8 25. d6 ({Weaker is} 25. Bxc5 Bxc5 26. Qxc5+ Kg8 $18) ({Stronger than} 25. Nxc5 Rd8 26. Bd4 (26. Qxb4 Qe5 27. Qe4 Qxd5 $11) 26... Qh5 $11) 25... Bd8 26. Qxc5 Bb6 27. Qc6 Rd8 28. Bxb6 axb6 29. Qxb6 Kg7 30. f6+ Kg6 31. Qxb4 Bf5 {Now ...Qh5 and Black clings on.} 32. O-O-O Qh6+ 33. Kb1 Qf4 34. Qb6 Rd7 35. Nc5 Bxd3 36. Nxd3 Qxf6 37. f4 Kh7 38. Ne5 Rd8 {[#]} 39. Nxf7 $1 {[%mdl 512]} Rf8 (39... Qxf7 40. Qxd8) 40. Ng5+ Kh8 41. Qe3 1-0

[Event "Polar Capital Jersey Festival"]
[Site "St. Helier"]
[Date "2017.04.04"]
[Round "5"]
[White "Abbas, Daniel"]
[Black "Hillarp Persson, Tiger"]
[Result "1/2-1/2"]
[WhiteElo "2285"]
[BlackElo "2503"]
[Annotator "TA"]
[PlyCount "40"]
[EventDate "2017.??.??"]
[EventCountry "JCI"]
[SourceTitle "playchess.com"]
[Source "ChessBase"]
[SourceQuality "1"]

{[%evp 14,40,23,24,30,23,23,8,34,34,34,34,35,33,54,34,34,37,37,37,37,37,37,29,27,0,-1,0,0]} 1. e4 e6 2. d4 d5 3. Nd2 Be7 4. Bd3 c5 5. dxc5 Nf6 6. Qe2 Nc6 7. Ngf3 Nb4 8. Nb3 O-O {C03: French Tarrasch: Unusual Black 3rd moves} 9. O-O a5 10. a4 Nxd3 (10... b6 11. e5 Nd7 12. c6 Nc5 13. Bb5 Nxb3 14. cxb3 Qc7 15. Be3 Nxc6 16. Rac1 {½-½ (55) Korneev,O (2569)-Antipov,M (2515) Linares 2015}) 11. cxd3 dxe4 12. dxe4 b6 {[#] And now ...Ba6 would win.} 13. Rd1 Qc7 $1 14. Nfd4 Ba6 15. Nb5 $36 {[%mdl 2048] White has the initiative.} Bxb5 16. axb5 {cxb6 is the strong threat.} bxc5 17. Ra4 $146 Rfb8 18. Bd2 {[%cal Rb3a5]} Qd7 19. Rxa5 Rxa5 20. Nxa5 {[#] Threatens to win with Nc6.} Qxb5 1/2-1/2

[Event "Polar Capital Jersey Festival"]
[Site "St. Helier"]
[Date "2017.04.04"]
[Round "5"]
[White "Klingher, Dominic"]
[Black "Heppell, Ian N"]
[Result "1-0"]
[WhiteElo "2116"]
[BlackElo "2081"]
[Annotator "NA"]
[PlyCount "107"]
[EventDate "2017.??.??"]
[EventCountry "JCI"]
[SourceTitle "playchess.com"]
[Source "ChessBase"]
[SourceQuality "1"]
[TimeControl "5400+30"]

1. e4 e5 2. Nc3 Nf6 3. Bc4 Nc6 4. d3 Bb4 5. Bg5 h6 6. Bh4 g5 {C28: Vienna Game: 2...Nf6 3 Bc4 Nc6} (6... Bxc3+ 7. bxc3 d6 8. Ne2 Be6 9. Bb3 Qe7 10. Bxf6 Qxf6 11. O-O O-O 12. Qd2 Qg5 13. f4 exf4 14. Qxf4 {½-½ (14) Mamedov,R (2638)-Tomashevsky,E (2664) Budva 2009}) 7. Bg3 d5 8. exd5 Nxd5 9. Nge2 {LiveBook: 3 Games} Be6 10. Bb5 Qf6 $146 (10... Bxc3+ 11. bxc3 Nf4 12. Bxc6+ bxc6 13. O-O O-O 14. f3 {½-½ (29) Watson,W (2470)-Emms,J (2400) Eastbourne 1990}) 11. a3 Bxc3+ 12. Nxc3 Nxc3 (12... Nde7 $1 $11) 13. bxc3 (13. Bxc6+ $14 bxc6 14. bxc3) 13... Bd7 14. O-O O-O-O $1 15. Re1 Rhe8 16. Qh5 Qg7 17. Rab1 f5 18. f3 Re7 19. Bf2 a6 20. Bc4 f4 21. Bc5 Be8 22. Qh3+ Bd7 23. g4 Ree8 24. Rb2 Be6 25. Bxe6+ Rxe6 26. Qf1 Qd7 27. Bf2 Qd5 28. Re4 b6 29. Qb1 {[#]} (29. Rb1 $15) 29... Qa5 (29... h5 $1 $17 {Threatens to win with ...hxg4.} 30. c4 (30. gxh5 Rh6 31. Bxb6 Rxh5 32. Bxc7 Kxc7 33. Rb7+ Kd6 $11) 30... Qd7) 30. Rb3 Ne7 31. Qe1 Nc6 32. Qe2 Red6 33. Kg2 h5 34. c4 Rd4 35. Be1 Qc5 36. Bb4 Rxe4 37. Qxe4 Qe3 $11 38. Qxe3 fxe3 39. gxh5 Nd4 40. Rb1 Nxc2 41. Be7 Rh8 42. Rc1 e2 43. Bb4 Nxb4 44. axb4 Rxh5 45. Re1 Kd7 46. Rxe2 Kd6 47. Kg3 Rh4 48. Ra2 Rd4 49. Ra3 Kc6 50. Kf2 Rh4 51. Ke3 Rxh2 52. Rxa6 Rh3 53. Ke4 Kd7 54. Ra8 1-0

[Event "Polar Capital Jersey Festival"]
[Site "St. Helier"]
[Date "2017.04.04"]
[Round "5"]
[White "Waddington, Mike P"]
[Black "Brookfield, Toby"]
[Result "1/2-1/2"]
[WhiteElo "2061"]
[BlackElo "1903"]
[Annotator "NA"]
[PlyCount "53"]
[EventDate "2017.??.??"]
[EventCountry "JCI"]
[SourceTitle "playchess.com"]
[Source "ChessBase"]
[SourceQuality "1"]
[TimeControl "5400+30"]

{[%evp 8,38,7,16,18,0,23,0,1,0,0,-14,-7,-21,30,34,35,41,49,32767,32767,32767,32767,138,149,106,110,87,114,101,138,32767,82]} 1. c4 f5 2. Nc3 Nf6 3. g3 d6 4. Bg2 e5 5. d3 Be7 {LiveBook: 244 Games} 6. Rb1 a5 7. a3 O-O 8. b4 axb4 9. axb4 Qe8 10. e3 Bd8 11. Nge2 Nc6 12. b5 Ne7 13. O-O f4 14. exf4 Qh5 15. f3 c6 16. bxc6 bxc6 17. fxe5 dxe5 18. Be3 Bh3 19. Qd2 Bxg2 $16 20. Kxg2 Nf5 21. Bc5 Re8 22. Bf2 Bc7 23. Rb7 e4 24. dxe4 Rad8 25. Qc2 Qg5 26. exf5 Rd2 27. Qa4 1/2-1/2